000 01062namaa22002771i 4500
003 EG-GICUC
005 20260513105552.0
008 260513s1986 mk ||||jr|||| 000 0 ara d
040 _aEG-GiCUC
_bara
_cEG-GiCUC
_dEG-GiCUC
_erda
082 0 4 _221
_a186.1
_bM9851
092 0 4 _221
_a186.1
_bM9851
099 _a186.1 M9851
100 1 _aالمصعبى، عبد العزيز بن ابراهيم الثمينى
_eمؤلف.
245 1 0 _aكتاب معالم الدين /
_cتأليف العلامة الشيخ عبد العزيز بن ابراهيم الثمينى المصعبى
246 1 _aمعالم الدين
264 _aعمان :
_bوزارة التراث القومى والثقافة،
_c1986.
300 _aمجلدات 2 ؛
_c24 سم
336 _2rdacontent
_atext
337 _2rdamedia
_aUnmediated
338 _2rdacarrier
_avolume
541 _aد. جابرعصفور ؛
_bالقاهرة ؛
_cإهداء ؛
_d2024.
650 1 7 _aالفلسفة الاسلامية
_2qrmak
651 1 _2qrmak
905 _aNermeen
942 _2ddc
_cBK
_e21
_n0
999 _c180118
_d180118